University Home | Library Home | Institutional Repository

Handbook of Headache Management : (Record no. 98601)

MARC details
000 -LEADER
fixed length control field 01050cam0a220021700 4500
005 - DATE AND TIME OF LATEST TRANSACTION
control field 20190819094018.0
008 - FIXED-LENGTH DATA ELEMENTS--GENERAL INFORMATION
fixed length control field 981001
010 ## - LIBRARY OF CONGRESS CONTROL NUMBER
LC control number 9223747
020 ## - INTERNATIONAL STANDARD BOOK NUMBER
International Standard Book Number 0683058010
035 ## - SYSTEM CONTROL NUMBER
System control number (Sirsi) a141864
040 ## - CATALOGING SOURCE
Original cataloging agency lc
050 #0 - LIBRARY OF CONGRESS CALL NUMBER
Classification number RB128
Item number Han 1993
245 10 - TITLE STATEMENT
Title Handbook of Headache Management :
Remainder of title a pratical guide to diagnosis and treatment of head, neck, and facial pain /
Statement of responsibility, etc. Joel R. Saper... and others.
260 ## - PUBLICATION, DISTRIBUTION, ETC.
Place of publication, distribution, etc. Baltimore :
Name of publisher, distributor, etc. Williams & Wilkins,
Date of publication, distribution, etc. 1993
350 ## - PRICE (NR) (BK AM CF MU VM SE) [OBSOLETE]
Price 25
504 ## - BIBLIOGRAPHY, ETC. NOTE
Bibliography, etc. note Bibliography and index
650 #0 - SUBJECT ADDED ENTRY--TOPICAL TERM
Topical term or geographic name entry element Headache -- Handbooks, manuals, etc.
General subdivision Headache -- Handbooks, manuals, etc.
Linkage S85003.1
650 #0 - SUBJECT ADDED ENTRY--TOPICAL TERM
Topical term or geographic name entry element Headache -- Diagnosis -- Handbooks, manuals, etc.
General subdivision Headache -- Diagnosis -- Handbooks, manuals, etc.
-- Headache -- Diagnosis -- Handbooks, manuals, etc.
Linkage S85004.1
650 #0 - SUBJECT ADDED ENTRY--TOPICAL TERM
Topical term or geographic name entry element Facial Pain -- Diagnosis -- Handbooks, manuals, etc.
General subdivision Facial Pain -- Diagnosis -- Handbooks, manuals, etc.
-- Facial Pain -- Diagnosis -- Handbooks, manuals, etc.
Linkage S85005.1
700 00 - ADDED ENTRY--PERSONAL NAME
Personal name Saper, Joel R.
Linkage A111812.1

No items available.

© 2026 - The University of Zambia Library - Koha v25.11